书目信息 |
| 题名: |
土木工程水文学原理及习题解法指南
|
|
| 作者: | 叶镇国 编著 | |
| 分册: | ||
| 出版信息: | 北京 人民交通出版社 2002.03 |
|
| 页数: | 280页 | |
| 开本: | 21cm | |
| 丛书名: | 高等学校教学系列配套用书 | |
| 单 册: | ||
| 中图分类: | TU18 | |
| 科图分类: | ||
| 主题词: | 土木工程--工程水文学--高等学校--教学参考资料 | |
| 电子资源: | ||
| ISBN: | 7-114-04132-2 | |
| 000 | 01068nam 2200265 450 | |
| 001 | 192004003403 | |
| 005 | 20070911090809.37 | |
| 010 | @a7-114-04132-2@dCNY33.00 | |
| 100 | @a20070602d2002 em y0chiy0121 ea | |
| 101 | 0 | @achi |
| 102 | @aCN@b110000 | |
| 105 | @aak a 000yy | |
| 200 | 1 | @a土木工程水文学原理及习题解法指南@Atu mu gong cheng shui wen xue yuan li ji xi ti jie fa zhi nan@f叶镇国编著 |
| 210 | @a北京@c人民交通出版社@d2002.03 | |
| 215 | @a280页@c图@d21cm | |
| 225 | 2 | @a高等学校教学系列配套用书@Agao deng xue xiao jiao xue xi lie pei tao yong shu |
| 320 | @a有书目 (第280页) | |
| 330 | @a本书共六章.包括:河川径流、泥沙运动、河床演变、水文资料的收集与整理方法水文统计的原理与方法、水文统计的原理与方法、设计年径流、按流量资料推算设计洪峰流量等。 | |
| 333 | @a本书可作有关本科、成教高职、自考生、研究生及工程技术人员的参考用书。 | |
| 410 | 0 | @12001 @a高等学校教学系列配套用书 |
| 606 | 0 | @a土木工程@x工程水文学@x高等学校@j教学参考资料 |
| 690 | @aTU18@v4 | |
| 701 | 0 | @a叶镇国@Aye zhen guo@4编著 |
| 801 | 0 | @aCN@c20070911 |
| 905 | @dTU18@eY467 | |
| 土木工程水文学原理及习题解法指南/叶镇国编著.-北京:人民交通出版社,2002.03 |
| 280页:图;21cm.-(高等学校教学系列配套用书) |
| 使用对象:本书可作有关本科、成教高职、自考生、研究生及工程技术人员的参考用书。 |
| ISBN 7-114-04132-2:CNY33.00 |
| 本书共六章.包括:河川径流、泥沙运动、河床演变、水文资料的收集与整理方法水文统计的原理与方法、水文统计的原理与方法、设计年径流、按流量资料推算设计洪峰流量等。 |
| ● |
| 相关链接 |
|
|
|
正题名:土木工程水文学原理及习题解法指南
索取号:TU18/Y467
 
预约/预借
| 序号 | 登录号 | 条形码 | 馆藏地/架位号 | 状态 | 备注 |
| 1 | 620016 | 206200163 | 建筑库101/101建筑库 27排2列3层/ [索取号:TU18/Y467] | 在馆 | |
| 2 | 620017 | 206200172 | 建筑库101/101建筑库 27排2列3层/ [索取号:TU18/Y467] | 在馆 | |
| 3 | 620018 | 206200181 | 建筑库101/101建筑库 27排2列3层/ [索取号:TU18/Y467] | 在馆 |